[Event "417 Stay Safe Play From Home series"]
[Site "Emanuel Lasker Arena"]
[Date "2020.08.28"]
[Round "5"]
[White "Fischer_11"]
[Black "Lazieri3"]
[Result "1-0"]
[WhiteElo "1990"]
[BlackElo "2127"]
[Annotator "NA"]
[PlyCount "113"]
[EventDate "2020.08.28"]
[EventType "swiss (blitz)"]

1. e4 {[%emt 0:00:04]} c6 {[%emt 0:00:00]} 2. d4 {[%emt 0:00:01]} d5 {[%emt 0:00:00]} 3. exd5 {[%emt 0:00:00]} cxd5 {[%emt 0:00:00]} 4. c4 {[%emt 0:00:00]} Nf6 {[%emt 0:00:00]} 5. Nc3 {[%emt 0:00:00]} Nc6 {[%emt 0:00:00]} 6. Bg5 {[%emt 0:00:00]} e6 {[%emt 0:00:01]} 7. c5 {[%emt 0:00:01]} Be7 {[%emt 0:00:01]} 8. Bb5 {[%emt 0:00:00]} Bd7 {[%emt 0:00:01]} 9. Rc1 {[%emt 0:00:03]} h6 {[%emt 0:00:01]} 10. Bh4 {[%emt 0:00:01]} O-O {[%emt 0:00:01]} 11. Nf3 {[%emt 0:00:01]} Ne4 {[%emt 0:00:01]} 12. Bxe7 {[%emt 0:00:01]} Nxe7 {[%emt 0:00:01]} 13. Bd3 {[%emt 0:00:02]} Nxc3 {[%emt 0:00:01]} 14. Rxc3 {[%emt 0:00:00]} a6 {[%emt 0:00:03]} 15. O-O {[%emt 0:00:01]} Bb5 {[%emt 0:00:01]} 16. b4 {[%emt 0:00:02]} Bxd3 {[%emt 0:00:01]} 17. Qxd3 {[%emt 0:00:00]} Ng6 {[%emt 0:00:02]} 18. a4 {[%emt 0:00:02]} Rc8 {[%emt 0:00:02]} 19. b5 {[%emt 0:00:01]} axb5 {[%emt 0:00:00]} 20. axb5 {[%emt 0:00:00]} Qc7 {[%emt 0:00:01]} 21. Rfc1 {[%emt 0:00:02]} e5 {[%emt 0:00:01]} 22. dxe5 {[%emt 0:00:03]} Nxe5 {[%emt 0:00:00]} 23. Qxd5 {[%emt 0:00:02]} Nxf3+ {[%emt 0:00:01]} 24. Qxf3 {[%emt 0:00:00]} Rfd8 {[%emt 0:00:01]} 25. g3 {[%emt 0:00:02]} Rd2 {[%emt 0:00:02]} 26. c6 {[%emt 0:00:02]} b6 {[%emt 0:00:02]} 27. Rd3 {[%emt 0:00:02]} Rd8 {[%emt 0:00:01]} 28. Rxd8+ {[%emt 0:00:03]} Rxd8 {[%emt 0:00:02]} 29. Rd1 {[%emt 0:00:02]} Re8 {[%emt 0:00:02]} 30. Rd7 {[%emt 0:00:01]} Re1+ {[%emt 0:00:03]} 31. Kg2 {[%emt 0:00:01]} Qe5 {[%emt 0:00:00]} 32. Qxf7+ {[%emt 0:00:02]} Kh7 {[%emt 0:00:01]} 33. Qf3 {[%emt 0:00:01]} Qxb5 {[%emt 0:00:06]} 34. Qg4 {[%emt 0:00:09]} Qe5 {[%emt 0:00:05]} 35. c7 {[%emt 0:00:04]} Rc1 {[%emt 0:00:01]} 36. Qf3 {[%emt 0:00:03]} b5 {[%emt 0:00:02]} 37. Rd3 {[%emt 0:00:00]} Rxc7 {[%emt 0:00:02]} 38. Re3 {[%emt 0:00:00]} Qf6 {[%emt 0:00:01]} 39. h3 {[%emt 0:00:00]} Qf4 {[%emt 0:00:01]} 40. Qxf4 {[%emt 0:00:01]} b4 {[%emt 0:00:01]} 41. Qe4+ {[%emt 0:00:00]} g6 {[%emt 0:00:01]} 42. Qxb4 {[%emt 0:00:00]} Rg7 {[%emt 0:00:00]} 43. Qe4 {[%emt 0:00:00]} h5 {[%emt 0:00:00]} 44. Qe6 {[%emt 0:00:00]} Kh6 {[%emt 0:00:00]} 45. Rf3 {[%emt 0:00:00]} Kh7 {[%emt 0:00:01]} 46. Rf6 {[%emt 0:00:00]} Kh6 {[%emt 0:00:01]} 47. Rf7 {[%emt 0:00:00]} Kh7 {[%emt 0:00:00]} 48. Rxg7+ {[%emt 0:00:00]} Kxg7 {[%emt 0:00:00]} 49. Qd7+ {[%emt 0:00:00]} Kh6 {[%emt 0:00:00]} 50. h4 {[%emt 0:00:00]} g5 {[%emt 0:00:01]} 51. Kf3 {[%emt 0:00:00]} g4+ {[%emt 0:00:01]} 52. Ke3 {[%emt 0:00:00]} Kg6 {[%emt 0:00:00]} 53. Qe7 {[%emt 0:00:00]} Kf5 {[%emt 0:00:00]} 54. Qg5+ {[%emt 0:00:00]} Ke6 {[%emt 0:00:01]} 55. Qxh5 {[%emt 0:00:00]} Kd6 {[%emt 0:00:00]} 56. Qxg4 {[%emt 0:00:00]} Ke7 {[%emt 0:00:00]} 57. Qf3 {[%emt 0:00:00] Time Time Time (Lag: Av=0.49s, max=1.3s) (Lag: Av=0.49s, max=1.3s) (Lag: Av=0.49s, max=1.3s)} 1-0

[Event "417 Stay Safe Play From Home series"]
[Site "Emanuel Lasker Arena"]
[Date "2020.08.28"]
[Round "5"]
[White "Leopart"]
[Black "KING o KONG"]
[Result "1-0"]
[WhiteElo "1540"]
[BlackElo "950"]
[Annotator "NA"]
[PlyCount "49"]
[EventDate "2020.08.28"]
[EventType "swiss (blitz)"]

1. b4 {[%emt 0:00:03]} e6 {[%emt 0:00:01]} 2. Bb2 {[%emt 0:00:03]} d6 {[%emt 0:00:02]} 3. a3 {[%emt 0:00:01]} e5 {[%emt 0:00:01]} 4. c4 {[%emt 0:00:01]} Be6 {[%emt 0:00:01]} 5. e3 {[%emt 0:00:01]} g6 {[%emt 0:00:01]} 6. Nf3 {[%emt 0:00:01]} Bg7 {[%emt 0:00:01]} 7. Be2 {[%emt 0:00:02]} Ne7 {[%emt 0:00:01]} 8. O-O {[%emt 0:00:01]} Nf5 {[%emt 0:00:01]} 9. h3 {[%emt 0:00:01]} Nd7 {[%emt 0:00:04]} 10. d4 {[%emt 0:00:01]} c6 {[%emt 0:00:02]} 11. dxe5 {[%emt 0:00:02]} dxe5 {[%emt 0:00:02]} 12. Nc3 {[%emt 0:00:03]} Bh6 {[%emt 0:00:03]} 13. Qc2 {[%emt 0:00:02]} Qc7 {[%emt 0:00:04]} 14. Rfd1 {[%emt 0:00:02]} O-O-O {[%emt 0:00:02]} 15. Rd2 {[%emt 0:00:01]} Nb6 {[%emt 0:00:01]} 16. Rad1 {[%emt 0:00:01]} Nxc4 {[%emt 0:00:04]} 17. Bxc4 {[%emt 0:00:02]} Bxc4 {[%emt 0:00:02]} 18. Rxd8+ {[%emt 0:00:01]} Rxd8 {[%emt 0:00:05]} 19. Rxd8+ {[%emt 0:00:01]} Qxd8 {[%emt 0:00:01]} 20. Na4 {[%emt 0:00:04]} Bd5 {[%emt 0:00:05]} 21. Nc5 {[%emt 0:00:02]} Bf8 {[%emt 0:00:05]} 22. Bxe5 {[%emt 0:00:03]} Bxc5 {[%emt 0:00:02]} 23. bxc5 {[%emt 0:00:02]} Ne7 {[%emt 0:00:05]} 24. Bd6 {[%emt 0:00:01]} Nf5 {[%emt 0:00:02]} 25. g4 {[%emt 0:00:03] TimeB TimeB TimeB} 1-0

[Event "417 Stay Safe Play From Home series"]
[Site "Emanuel Lasker Arena"]
[Date "2020.08.28"]
[Round "5"]
[White "Klasman"]
[Black "Stefanone"]
[Result "0-1"]
[WhiteElo "1311"]
[BlackElo "2011"]
[PlyCount "54"]
[EventDate "2020.08.28"]
[EventType "swiss (blitz)"]

1. f4 {[%emt 0:00:01]} d5 {[%emt 0:00:02]} 2. Nf3 {[%emt 0:00:02]} c6 {[%emt 0:00:00]} 3. e3 {[%emt 0:00:01]} e6 {[%emt 0:00:00]} 4. d4 {[%emt 0:00:01]} f5 {[%emt 0:00:00]} 5. c4 {[%emt 0:00:01]} Nf6 {[%emt 0:00:00]} 6. Nc3 {[%emt 0:00:01]} Bd6 {[%emt 0:00:01]} 7. Bd3 {[%emt 0:00:01]} Qe7 {[%emt 0:00:00]} 8. Bd2 {[%emt 0:00:01]} O-O {[%emt 0:00:00]} 9. O-O {[%emt 0:00:01]} Nbd7 {[%emt 0:00:00]} 10. Ne5 {[%emt 0:00:01]} Bxe5 {[%emt 0:00:01]} 11. fxe5 {[%emt 0:00:01]} Ne4 {[%emt 0:00:00]} 12. Bxe4 {[%emt 0:00:02]} dxe4 {[%emt 0:00:00]} 13. Ne2 {[%emt 0:00:03]} c5 {[%emt 0:00:00]} 14. Nf4 {[%emt 0:00:06]} g5 {[%emt 0:00:01]} 15. Nh3 {[%emt 0:00:07]} Qg7 {[%emt 0:00:01]} 16. Qh5 {[%emt 0:00:03]} h6 {[%emt 0:00:01]} 17. Rae1 {[%emt 0:00:10]} b6 {[%emt 0:00:00]} 18. g4 {[%emt 0:00:03]} Bb7 {[%emt 0:00:02]} 19. gxf5 {[%emt 0:00:02]} exf5 {[%emt 0:00:00]} 20. e6 {[%emt 0:00:02]} Nf6 {[%emt 0:00:01]} 21. Qe2 {[%emt 0:00:03]} Rae8 {[%emt 0:00:04]} 22. d5 {[%emt 0:00:01]} Ng4 {[%emt 0:00:02]} 23. Bc3 {[%emt 0:00:01]} Ne5 {[%emt 0:00:01]} 24. Qg2 {[%emt 0:00:02]} f4 {[%emt 0:00:01]} 25. Nxg5 {[%emt 0:00:01]} Qxg5 {[%emt 0:00:01]} 26. Qxg5+ {[%emt 0:00:01]} hxg5 {[%emt 0:00:00]} 27. Bxe5 {[%emt 0:00:01]} f3 {[%emt 0:00:00] Time Time Time (Lag: Av=0.45s, max=1.0s) (Lag: Av=0.45s, max=1.0s) (Lag: Av=0.45s, max=1.0s)} 0-1

[Event "417 Stay Safe Play From Home series"]
[Site "Emanuel Lasker Arena"]
[Date "2020.08.28"]
[Round "6"]
[White "IceQueen"]
[Black "AChessPlayer"]
[Result "0-1"]
[WhiteElo "2417"]
[BlackElo "2292"]
[PlyCount "86"]
[EventDate "2020.08.28"]
[EventType "swiss (blitz)"]

1. e4 {[%emt 0:00:01]} c6 {[%emt 0:00:01]} 2. Nc3 {[%emt 0:00:00]} g6 {[%emt 0:00:01]} 3. d4 {[%emt 0:00:01]} Bg7 {[%emt 0:00:00]} 4. h4 {[%emt 0:00:00]} d5 {[%emt 0:00:00]} 5. e5 {[%emt 0:00:00]} h5 {[%emt 0:00:01]} 6. Bg5 {[%emt 0:00:02]} Nh6 {[%emt 0:00:01]} 7. Qd2 {[%emt 0:00:00]} Bf5 {[%emt 0:00:02]} 8. Nge2 {[%emt 0:00:02]} Qa5 {[%emt 0:00:04]} 9. Ng3 {[%emt 0:00:01]} e6 {[%emt 0:00:02]} 10. O-O-O {[%emt 0:00:01]} a6 {[%emt 0:00:01]} 11. Nxf5 {[%emt 0:00:01]} Nxf5 {[%emt 0:00:01]} 12. Bf4 {[%emt 0:00:04]} c5 {[%emt 0:00:01]} 13. dxc5 {[%emt 0:00:01]} Qxc5 {[%emt 0:00:00]} 14. f3 {[%emt 0:00:01]} Nc6 {[%emt 0:00:01]} 15. g4 {[%emt 0:00:02]} Nfe7 {[%emt 0:00:01]} 16. Kb1 {[%emt 0:00:09]} b5 {[%emt 0:00:02]} 17. Rg1 {[%emt 0:00:01]} Qxg1 {[%emt 0:00:01]} 18. Bxb5 {[%emt 0:00:03]} Qb6 {[%emt 0:00:00]} 19. Ba4 {[%emt 0:00:01]} Kf8 {[%emt 0:00:04]} 20. Bg5 {[%emt 0:00:01]} Rb8 {[%emt 0:00:01]} 21. b3 {[%emt 0:00:02]} Bxe5 {[%emt 0:00:01]} 22. f4 {[%emt 0:00:02]} Bg7 {[%emt 0:00:02]} 23. f5 {[%emt 0:00:00]} gxf5 {[%emt 0:00:01]} 24. gxf5 {[%emt 0:00:01]} Nxf5 {[%emt 0:00:00]} 25. Nxd5 {[%emt 0:00:01]} exd5 {[%emt 0:00:01]} 26. Qxd5 {[%emt 0:00:00]} Nce7 {[%emt 0:00:01]} 27. Qe4 {[%emt 0:00:03]} Bf6 {[%emt 0:00:04]} 28. Qf4 {[%emt 0:00:05]} Bxg5 {[%emt 0:00:01]} 29. hxg5 {[%emt 0:00:00]} Qe6 {[%emt 0:00:01]} 30. Qxb8+ {[%emt 0:00:01]} Kg7 {[%emt 0:00:01]} 31. Qf4 {[%emt 0:00:00]} h4 {[%emt 0:00:01]} 32. Bd7 {[%emt 0:00:02]} Qe3 {[%emt 0:00:02]} 33. Qc4 {[%emt 0:00:01]} h3 {[%emt 0:00:02]} 34. Rd3 {[%emt 0:00:01]} Qe1+ {[%emt 0:00:01]} 35. Kb2 {[%emt 0:00:00]} Qe5+ {[%emt 0:00:00]} 36. c3 {[%emt 0:00:01]} h2 {[%emt 0:00:00]} 37. Bxf5 {[%emt 0:00:03]} Nxf5 {[%emt 0:00:00]} 38. Rd7 {[%emt 0:00:00]} Ne7 {[%emt 0:00:01]} 39. g6 {[%emt 0:00:01]} h1=Q {[%emt 0:00:02]} 40. Qxf7+ {[%emt 0:00:02]} Kh6 {[%emt 0:00:00]} 41. Rxe7 {[%emt 0:00:01]} Qeh2+ {[%emt 0:00:02]} 42. Ka3 {[%emt 0:00:00]} Qc1+ {[%emt 0:00:00]} 43. Ka4 {[%emt 0:00:01]} Qxa2+ {[%emt 0:00:01] Time Time Time (Lag: Av=0.69s, max=1.5s) (Lag: Av=0.69s, max=1.5s) (Lag: Av=0.69s, max=1.5s)} 0-1

[Event "417 Stay Safe Play From Home series"]
[Site "Emanuel Lasker Arena"]
[Date "2020.08.28"]
[Round "6"]
[White "Hickey"]
[Black "Tran Minh Thang"]
[Result "1-0"]
[WhiteElo "2311"]
[BlackElo "2449"]
[PlyCount "53"]
[EventDate "2020.08.28"]
[EventType "swiss (blitz)"]

1. b3 {[%emt 0:00:02]} b6 {[%emt 0:00:01]} 2. Bb2 {[%emt 0:00:00]} Bb7 {[%emt 0:00:00]} 3. Nf3 {[%emt 0:00:00]} e6 {[%emt 0:00:02]} 4. g3 {[%emt 0:00:01]} Bxf3 {[%emt 0:00:01]} 5. exf3 {[%emt 0:00:01]} Nf6 {[%emt 0:00:00]} 6. Bg2 {[%emt 0:00:00]} d5 {[%emt 0:00:00]} 7. O-O {[%emt 0:00:00]} Be7 {[%emt 0:00:00]} 8. f4 {[%emt 0:00:01]} O-O {[%emt 0:00:01]} 9. Re1 {[%emt 0:00:00]} c5 {[%emt 0:00:01]} 10. Qe2 {[%emt 0:00:01]} Nc6 {[%emt 0:00:01]} 11. f5 {[%emt 0:00:01]} exf5 {[%emt 0:00:01]} 12. c4 {[%emt 0:00:02]} Re8 {[%emt 0:00:04]} 13. cxd5 {[%emt 0:00:03]} Nxd5 {[%emt 0:00:00]} 14. Nc3 {[%emt 0:00:01]} Nd4 {[%emt 0:00:02]} 15. Qd1 {[%emt 0:00:01]} Nb4 {[%emt 0:00:06]} 16. Bxa8 {[%emt 0:00:02]} Qxa8 {[%emt 0:00:00]} 17. Re3 {[%emt 0:00:05]} f4 {[%emt 0:00:04]} 18. gxf4 {[%emt 0:00:01]} Nf5 {[%emt 0:00:01]} 19. Ne2 {[%emt 0:00:04]} Nxe3 {[%emt 0:00:02]} 20. fxe3 {[%emt 0:00:00]} Nd3 {[%emt 0:00:01]} 21. Bc3 {[%emt 0:00:01]} Qf3 {[%emt 0:00:01]} 22. Ng3 {[%emt 0:00:01]} Qf2+ {[%emt 0:00:01]} 23. Kh1 {[%emt 0:00:02]} Bh4 {[%emt 0:00:03]} 24. Qg1 {[%emt 0:00:01]} Qf3+ {[%emt 0:00:08]} 25. Qg2 {[%emt 0:00:01]} Qg4 {[%emt 0:00:03]} 26. Rg1 {[%emt 0:00:02]} Re6 {[%emt 0:00:07]} 27. Qa8+ {[%emt 0:00:03] Tran Minh Thang resigns Tran Minh Thang resigns Tran Minh Thang resigns (Lag: Av=0.77s, max=1.0s) (Lag: Av=0.77s, max=1.0s) (Lag: Av=0.77s, max=1.0s)} 1-0

[Event "417 Stay Safe Play From Home series"]
[Site "Emanuel Lasker Arena"]
[Date "2020.08.28"]
[Round "6"]
[White "Lazieri3"]
[Black "GIULIO19031975"]
[Result "0-1"]
[WhiteElo "2103"]
[BlackElo "1842"]
[Annotator "NA"]
[PlyCount "106"]
[EventDate "2020.08.28"]
[EventType "swiss (blitz)"]

1. e4 {[%emt 0:00:01]} c5 {[%emt 0:00:00]} 2. Nc3 {[%emt 0:00:02]} e6 {[%emt 0:00:00]} 3. d3 {[%emt 0:00:00]} d5 {[%emt 0:00:00]} 4. Nf3 {[%emt 0:00:00]} d4 {[%emt 0:00:00]} 5. Ne2 {[%emt 0:00:01]} Nc6 {[%emt 0:00:00]} 6. Bg5 {[%emt 0:00:01]} Be7 {[%emt 0:00:01]} 7. Bxe7 {[%emt 0:00:01]} Qxe7 {[%emt 0:00:02]} 8. g3 {[%emt 0:00:00]} Nf6 {[%emt 0:00:01]} 9. Bg2 {[%emt 0:00:00]} e5 {[%emt 0:00:00]} 10. O-O {[%emt 0:00:01]} Be6 {[%emt 0:00:01]} 11. Nd2 {[%emt 0:00:01]} h5 {[%emt 0:00:00]} 12. f4 {[%emt 0:00:01]} h4 {[%emt 0:00:01]} 13. f5 {[%emt 0:00:01]} Bd7 {[%emt 0:00:01]} 14. Nf3 {[%emt 0:00:04]} Ng4 {[%emt 0:00:01]} 15. Nxh4 {[%emt 0:00:01]} Ne3 {[%emt 0:00:01]} 16. Rf2 {[%emt 0:00:02]} Nxd1 {[%emt 0:00:01]} 17. Rxd1 {[%emt 0:00:01]} Rxh4 {[%emt 0:00:02]} 18. gxh4 {[%emt 0:00:00]} Qxh4 {[%emt 0:00:01]} 19. Rdf1 {[%emt 0:00:00]} O-O-O {[%emt 0:00:01]} 20. f6 {[%emt 0:00:01]} g5 {[%emt 0:00:02]} 21. Ng3 {[%emt 0:00:01]} Bh3 {[%emt 0:00:01]} 22. Bxh3+ {[%emt 0:00:02]} Qxh3 {[%emt 0:00:01]} 23. Nf5 {[%emt 0:00:01]} g4 {[%emt 0:00:01]} 24. Rg2 {[%emt 0:00:02]} Rg8 {[%emt 0:00:02]} 25. Ne7+ {[%emt 0:00:02]} Nxe7 {[%emt 0:00:01]} 26. fxe7 {[%emt 0:00:00]} Kd7 {[%emt 0:00:01]} 27. Rxf7 {[%emt 0:00:01]} Re8 {[%emt 0:00:02]} 28. Rg7 {[%emt 0:00:03]} Rxe7 {[%emt 0:00:01]} 29. R7xg4 {[%emt 0:00:01]} Qe3+ {[%emt 0:00:01]} 30. Rf2 {[%emt 0:00:04]} Rf7 {[%emt 0:00:02]} 31. Rgg2 {[%emt 0:00:03]} c4 {[%emt 0:00:05]} 32. Kf1 {[%emt 0:00:06]} Rxf2+ {[%emt 0:00:02]} 33. Rxf2 {[%emt 0:00:00]} Qc1+ {[%emt 0:00:01]} 34. Kg2 {[%emt 0:00:01]} cxd3 {[%emt 0:00:01]} 35. cxd3 {[%emt 0:00:00]} Qe3 {[%emt 0:00:02]} 36. Rf7+ {[%emt 0:00:01]} Ke6 {[%emt 0:00:01]} 37. Rxb7 {[%emt 0:00:01]} Qxd3 {[%emt 0:00:00]} 38. Rxa7 {[%emt 0:00:01]} Qxe4+ {[%emt 0:00:00]} 39. Kg3 {[%emt 0:00:01]} d3 {[%emt 0:00:00]} 40. Ra6+ {[%emt 0:00:01]} Kd5 {[%emt 0:00:01]} 41. Ra5+ {[%emt 0:00:01]} Kc6 {[%emt 0:00:00]} 42. Ra6+ {[%emt 0:00:00]} Kb5 {[%emt 0:00:00]} 43. Rd6 {[%emt 0:00:01]} Qf4+ {[%emt 0:00:02]} 44. Kg2 {[%emt 0:00:01]} e4 {[%emt 0:00:00]} 45. h4 {[%emt 0:00:01]} Qf3+ {[%emt 0:00:01]} 46. Kh2 {[%emt 0:00:01]} Qf4+ {[%emt 0:00:01]} 47. Kh3 {[%emt 0:00:01]} Qxd6 {[%emt 0:00:00]} 48. h5 {[%emt 0:00:00]} Qh6 {[%emt 0:00:00]} 49. Kg4 {[%emt 0:00:00]} d2 {[%emt 0:00:00]} 50. a4+ {[%emt 0:00:01]} Kb4 {[%emt 0:00:01]} 51. b3 {[%emt 0:00:00]} d1=Q+ {[%emt 0:00:00]} 52. Kf5 {[%emt 0:00:02]} Qf3+ {[%emt 0:00:01]} 53. Ke5 {[%emt 0:00:01]} Qhf6+ {[%emt 0:00:01] Time Time Time (Lag: Av=0.67s, max=1.0s) (Lag: Av=0.67s, max=1.0s) (Lag: Av=0.67s, max=1.0s) . . .} 0-1

[Event "417 Stay Safe Play From Home series"]
[Site "Emanuel Lasker Arena"]
[Date "2020.08.28"]
[Round "6"]
[White "Fischer_11"]
[Black "Nguyen Hong Anh"]
[Result "1-0"]
[WhiteElo "2013"]
[BlackElo "2299"]
[Annotator "NA"]
[PlyCount "61"]
[EventDate "2020.08.28"]
[EventType "swiss (blitz)"]

1. e4 {[%emt 0:00:01]} c5 {[%emt 0:00:01]} 2. c3 {[%emt 0:00:01]} Nc6 {[%emt 0:00:00]} 3. d4 {[%emt 0:00:01]} cxd4 {[%emt 0:00:00]} 4. cxd4 {[%emt 0:00:00]} d5 {[%emt 0:00:00]} 5. exd5 {[%emt 0:00:00]} Qxd5 {[%emt 0:00:01]} 6. Nf3 {[%emt 0:00:00]} Bg4 {[%emt 0:00:02]} 7. Nc3 {[%emt 0:00:00]} Qd6 {[%emt 0:00:02]} 8. d5 {[%emt 0:00:00]} Nb8 {[%emt 0:00:01]} 9. Qa4+ {[%emt 0:00:00]} Bd7 {[%emt 0:00:02]} 10. Qb3 {[%emt 0:00:01]} b6 {[%emt 0:00:02]} 11. Nb5 {[%emt 0:00:04]} Qc5 {[%emt 0:00:02]} 12. Be3 {[%emt 0:00:03]} Qc8 {[%emt 0:00:10]} 13. Rc1 {[%emt 0:00:02]} Qb7 {[%emt 0:00:01]} 14. Nc7+ {[%emt 0:00:02]} Kd8 {[%emt 0:00:00]} 15. Nxa8 {[%emt 0:00:01]} Qxa8 {[%emt 0:00:01]} 16. Bb5 {[%emt 0:00:02]} Nf6 {[%emt 0:00:02]} 17. Bxd7 {[%emt 0:00:01]} Nfxd7 {[%emt 0:00:01]} 18. O-O {[%emt 0:00:01]} Na6 {[%emt 0:00:01]} 19. Bf4 {[%emt 0:00:02]} Nac5 {[%emt 0:00:01]} 20. Qc4 {[%emt 0:00:05]} g6 {[%emt 0:00:01]} 21. Ne5 {[%emt 0:00:01]} Bg7 {[%emt 0:00:01]} 22. Nxf7+ {[%emt 0:00:02]} Ke8 {[%emt 0:00:01]} 23. Nxh8 {[%emt 0:00:01]} Bxh8 {[%emt 0:00:01]} 24. d6 {[%emt 0:00:00]} Qc6 {[%emt 0:00:03]} 25. dxe7 {[%emt 0:00:02]} Qe6 {[%emt 0:00:02]} 26. Qxe6 {[%emt 0:00:01]} Nxe6 {[%emt 0:00:01]} 27. Bd6 {[%emt 0:00:02]} Nec5 {[%emt 0:00:02]} 28. b4 {[%emt 0:00:02]} Bb2 {[%emt 0:00:03]} 29. bxc5 {[%emt 0:00:03]} Bxc1 {[%emt 0:00:01]} 30. Rxc1 {[%emt 0:00:00]} bxc5 {[%emt 0:00:00]} 31. Bxc5 {[%emt 0:00:00] Nguyen Hong Anh resigns Nguyen Hong Anh resigns Nguyen Hong Anh resigns (Lag: Av=0.48s, max=0.6s) (Lag: Av=0.48s, max=0.6s) (Lag: Av=0.48s, max=0.6s)} 1-0

[Event "417 Stay Safe Play From Home series"]
[Site "Emanuel Lasker Arena"]
[Date "2020.08.28"]
[Round "6"]
[White "Stefanone"]
[Black "TheCHESSHOUSE"]
[Result "0-1"]
[WhiteElo "2011"]
[BlackElo "2018"]
[Annotator "NA"]
[PlyCount "52"]
[EventDate "2020.08.28"]
[EventType "swiss (blitz)"]

1. d4 {[%emt 0:00:01]} Nf6 {[%emt 0:00:01]} 2. e3 {[%emt 0:00:00]} g6 {[%emt 0:00:00]} 3. Nf3 {[%emt 0:00:00]} Bg7 {[%emt 0:00:00]} 4. b3 {[%emt 0:00:00]} d6 {[%emt 0:00:00]} 5. Bb2 {[%emt 0:00:00]} O-O {[%emt 0:00:00]} 6. g3 {[%emt 0:00:00]} Nc6 {[%emt 0:00:00]} 7. Bg2 {[%emt 0:00:00]} Bd7 {[%emt 0:00:00]} 8. O-O {[%emt 0:00:01]} Qc8 {[%emt 0:00:00]} 9. c4 {[%emt 0:00:00]} Bh3 {[%emt 0:00:02]} 10. d5 {[%emt 0:00:00]} Bxg2 {[%emt 0:00:01]} 11. Kxg2 {[%emt 0:00:01]} Nd8 {[%emt 0:00:01]} 12. Nc3 {[%emt 0:00:01]} c5 {[%emt 0:00:01]} 13. Qd2 {[%emt 0:00:01]} a6 {[%emt 0:00:02]} 14. Rfe1 {[%emt 0:00:01]} Rb8 {[%emt 0:00:00]} 15. e4 {[%emt 0:00:01]} b5 {[%emt 0:00:01]} 16. e5 {[%emt 0:00:01]} Ne8 {[%emt 0:00:01]} 17. e6 {[%emt 0:00:02]} f5 {[%emt 0:00:02]} 18. Ng5 {[%emt 0:00:01]} Nf6 {[%emt 0:00:02]} 19. f4 {[%emt 0:00:01]} bxc4 {[%emt 0:00:01]} 20. bxc4 {[%emt 0:00:01]} Qc7 {[%emt 0:00:01]} 21. Rab1 {[%emt 0:00:01]} h6 {[%emt 0:00:00]} 22. Nf3 {[%emt 0:00:01]} Kh7 {[%emt 0:00:00]} 23. h4 {[%emt 0:00:01]} Nb7 {[%emt 0:00:01]} 24. Ne2 {[%emt 0:00:01]} Na5 {[%emt 0:00:01]} 25. Bc3 {[%emt 0:00:02]} Nxc4 {[%emt 0:00:01]} 26. Qc2 {[%emt 0:00:00]} Ne3+ {[%emt 0:00:01] Stefanone abbandona Stefanone abbandona Stefanone abbandona (Lag: Av=0.53s, max=0.7s) (Lag: Av=0.53s, max=0.7s) (Lag: Av=0.53s, max=0.7s)} 0-1

[Event "417 Stay Safe Play From Home series"]
[Site "Emanuel Lasker Arena"]
[Date "2020.08.28"]
[Round "6"]
[White "GMONIK"]
[Black "NTBT_DHS"]
[Result "0-1"]
[WhiteElo "1832"]
[BlackElo "2576"]
[PlyCount "42"]
[EventDate "2020.08.28"]
[EventType "swiss (blitz)"]

1. e4 {[%emt 0:00:01]} g6 {[%emt 0:00:00]} 2. d4 {[%emt 0:00:01]} Bg7 {[%emt 0:00:00]} 3. Nf3 {[%emt 0:00:00]} d6 {[%emt 0:00:00]} 4. Nc3 {[%emt 0:00:01]} Nf6 {[%emt 0:00:00]} 5. Be3 {[%emt 0:00:00]} O-O {[%emt 0:00:00]} 6. h3 {[%emt 0:00:01]} c6 {[%emt 0:00:02]} 7. Qd2 {[%emt 0:00:01]} b5 {[%emt 0:00:00]} 8. a3 {[%emt 0:00:01]} a5 {[%emt 0:00:01]} 9. e5 {[%emt 0:00:01]} dxe5 {[%emt 0:00:01]} 10. dxe5 {[%emt 0:00:00]} Qxd2+ {[%emt 0:00:01]} 11. Bxd2 {[%emt 0:00:01]} Nfd7 {[%emt 0:00:00]} 12. b4 {[%emt 0:00:03]} Nxe5 {[%emt 0:00:01]} 13. Nxe5 {[%emt 0:00:01]} Bxe5 {[%emt 0:00:00]} 14. bxa5 {[%emt 0:00:01]} Bf5 {[%emt 0:00:03]} 15. Bd3 {[%emt 0:00:03]} Bxd3 {[%emt 0:00:01]} 16. cxd3 {[%emt 0:00:00]} Rd8 {[%emt 0:00:01]} 17. Ke2 {[%emt 0:00:02]} Na6 {[%emt 0:00:01]} 18. Rhc1 {[%emt 0:00:01]} Nc5 {[%emt 0:00:01]} 19. a4 {[%emt 0:00:02]} b4 {[%emt 0:00:04]} 20. Ne4 {[%emt 0:00:01]} Nb3 {[%emt 0:00:01]} 21. f4 {[%emt 0:00:06]} Bxa1 {[%emt 0:00:01] GMONIK abbandona GMONIK abbandona GMONIK abbandona (Lag: Av=0.46s, max=0.9s) (Lag: Av=0.46s, max=0.9s) (Lag: Av=0.46s, max=0.9s)} 0-1

[Event "417 Stay Safe Play From Home series"]
[Site "Emanuel Lasker Arena"]
[Date "2020.08.28"]
[Round "6"]
[White "Leopart"]
[Black "Klasman"]
[Result "1-0"]
[WhiteElo "1545"]
[BlackElo "1310"]
[Annotator "NA"]
[PlyCount "43"]
[EventDate "2020.08.28"]
[EventType "swiss (blitz)"]

1. b4 {[%emt 0:00:02]} d5 {[%emt 0:00:03]} 2. Bb2 {[%emt 0:00:02]} Nf6 {[%emt 0:00:02]} 3. e3 {[%emt 0:00:01]} a6 {[%emt 0:00:02]} 4. Nf3 {[%emt 0:00:01]} Nc6 {[%emt 0:00:01]} 5. a3 {[%emt 0:00:04]} a5 {[%emt 0:00:02]} 6. b5 {[%emt 0:00:03]} Na7 {[%emt 0:00:01]} 7. c4 {[%emt 0:00:02]} dxc4 {[%emt 0:00:03]} 8. Bxc4 {[%emt 0:00:02]} e6 {[%emt 0:00:01]} 9. a4 {[%emt 0:00:01]} Bb4 {[%emt 0:00:02]} 10. O-O {[%emt 0:00:01]} O-O {[%emt 0:00:02]} 11. d4 {[%emt 0:00:03]} c6 {[%emt 0:00:01]} 12. bxc6 {[%emt 0:00:03]} Nxc6 {[%emt 0:00:02]} 13. d5 {[%emt 0:00:01]} exd5 {[%emt 0:00:02]} 14. Bb3 {[%emt 0:00:06]} Bg4 {[%emt 0:00:01]} 15. h3 {[%emt 0:00:02]} Bh5 {[%emt 0:00:03]} 16. g4 {[%emt 0:00:02]} Nxg4 {[%emt 0:00:01]} 17. hxg4 {[%emt 0:00:02]} Bxg4 {[%emt 0:00:01]} 18. Nh2 {[%emt 0:00:01]} Bh3 {[%emt 0:00:03]} 19. Qh5 {[%emt 0:00:03]} Bxf1 {[%emt 0:00:02]} 20. Kxf1 {[%emt 0:00:04]} g6 {[%emt 0:00:01]} 21. Qh6 {[%emt 0:00:03]} Bd6 {[%emt 0:00:08]} 22. Qg7# {[%emt 0:00:02] (Lag: Av=0.43s, max=0.8s) (Lag: Av=0.43s, max=0.8s) (Lag: Av=0.43s, max=0.8s)} 1-0